Normal view MARC view

Entry Personal Name

Number of records used in: 1

001 - CONTROL NUMBER

  • control field: 9653

003 - CONTROL NUMBER IDENTIFIER

  • control field: DLC

005 - DATE AND TIME OF LATEST TRANSACTION

  • control field: 20230930155013.0

008 - FIXED-LENGTH DATA ELEMENTS

  • fixed length control field: 790227n| azannaabn |a aaa

010 ## - LIBRARY OF CONGRESS CONTROL NUMBER

  • LC control number: n 79017040
  • Canceled/invalid LC control number: n 86803321

035 ## - SYSTEM CONTROL NUMBER

  • System control number: (OCoLC)oca00250917

040 ## - CATALOGING SOURCE

  • Original cataloging agency: DLC
  • Language of cataloging: eng
  • Description conventions: rda
  • Transcribing agency: DLC
  • Modifying agency: DLC
  • Modifying agency: OCoLC
  • Modifying agency: DLC
  • Modifying agency: Uk
  • Modifying agency: OCoLC

046 ## - SPECIAL CODED DATES

  • Birth date: 1939-02-19
  • Source of date scheme: edtf

100 1# - HEADING--PERSONAL NAME

  • Personal name: Aubin, Jean Pierre

370 ## - ASSOCIATED PLACE

  • Place of birth: Abidjan (Côte d'Ivoire)
  • Associated country: Côte d'Ivoire
  • Associated country: France
  • Associated country: Austria
  • Other associated place: Paris (France)
  • Other associated place: Laxenburg (Austria)

372 ## - FIELD OF ACTIVITY

  • Field of activity: Mathematics
  • Source of term: lcsh

373 ## - ASSOCIATED GROUP

  • Associated group: Université Paris IX-Dauphine
  • Associated group: Ecole polytechnique (France). Centre de recherche sur l'épistémologie et l'autonomie
  • Source of term: naf

374 ## - OCCUPATION

  • Occupation: College teachers
  • Occupation: Mathematicians
  • Source of term: lcsh

377 ## - ASSOCIATED LANGUAGE

  • Language code: eng
  • Language code: fre

400 1# - SEE FROM TRACING--PERSONAL NAME

  • Personal name: Aubin, J. P.
  • Fuller form of name: (Jean Pierre)

670 ## - SOURCE DATA FOUND

  • Source citation: His Approximation of elliptic boundary-value problems, 1972.

670 ## - SOURCE DATA FOUND

  • Source citation: Mathematical techniques of optimization, control, and decision, 1981:
  • Information found: t.p. (J. P. Aubin)

670 ## - SOURCE DATA FOUND

  • Source citation: His applied nonlinear analysis, c1984:
  • Information found: CIP t.p. (Jean-Pierre Aubin)

670 ## - SOURCE DATA FOUND

  • Source citation: Workshop on the Dynamics of Macrosystems (1984 : International Institute for Applied Systems Analysis). Dynamics of macrosystems, c1985:
  • Information found: CIP t.p. (J.-P. Aubin) galley (Prof. Dr.; IIASA, Laxenburg, Austria and CEREMADE, Univ. de Paris-Dauphine, Paris, France)

670 ## - SOURCE DATA FOUND

  • Source citation: BNF, viewed 15 October 2013
  • Information found: (access point: Aubin, Jean-Pierre, 1939; born 19 February 1939. He is a mathematician; was professor at l'Université de Paris IX Dauphine, between 1982 and 2010; was a member of CREA, at the École polytechnique [Paris])

670 ## - SOURCE DATA FOUND

  • Source citation: His C.V., viewed 15 October 2013
  • Information found: (Jean-Pierre Aubin, born 19 February 1939, Abidjan, Ivory Coast, a French national. Lists publications)
  • Uniform Resource Identifier: http://lastre.asso.fr/aubin/cvjpa.htm

678 ## - BIOGRAPHICAL OR HISTORICAL DATA

  • Biographical or historical data: Ph.D., Université de Paris;
  • Biographical or historical data: b. 2-19-39

Powered by Koha